Multiple-Choice-Stadtquiz Halle (Saale) - Statistiken

Allgemein
  • Dieses Quiz wurde 941 mal gespielt
  • Das Durchschnittsergebnis liegt bei 6 aus 10
Antwortstatistiken
Frage Antwort % Korrekt
Halle (Saale) liegt in welchem Bundesland? Sachsen-Anhalt
85%
Die Saale durchfließt Halle und mündet danach in welchen Fluss? Elbe
80%
Was kann man in Halle in einem Museum betrachten? die Himmelsscheibe von Nebra
68%
Die nach Einwohnern wievieltgrößte Stadt der "neuen Bundesländer" ist Halle? 5.
65%
Was ist ein Wahrzeichen der Stadt? Roter Turm
63%
Der Handel mit welchem Rohstoff brachte Halle im Mittelalter Reichtum? Salz
60%
Wer wurde in Halle geboren und ist als Statue auf dem zentralen Marktplatz zu sehen? Georg Friedrich Händel
58%
Welche Funktion hatten die "Franckesche Stiftungen", heute ein Komplex u. a. kultureller, wissenschaftlicher und sozialer Einrichtungen, im frühen 18. Jhdt.? Waisenhaus
53%
Welche Burg im Norden der Stadt beinhaltet eine Kunsthochschule? Burg Giebichenstein
38%
Was ist keine historische ironische Bezeichnung für Einwohner der Stadt? Halliner
20%
Keine übereinstimmenden Quizze gefunden
Verteilung der Resultate
Anzahl Personen mit jedem Resultat
Perzentil nach korrekt beantworteten Fragen
Ihre Resultats-Entwicklung
Sie haben dieses Quiz noch nicht gespielt